<?xml version="1.0" encoding="UTF-8"?>
<collection xmlns="http://www.loc.gov/MARC21/slim">
 <record>
  <leader>02957nab a2200457 i 4500</leader>
  <controlfield tag="001">elibro.ELB12970</controlfield>
  <controlfield tag="003">FINmELB</controlfield>
  <controlfield tag="005">20230620121057.0</controlfield>
  <controlfield tag="006">m     o  u        </controlfield>
  <controlfield tag="007">cr cn|||||||||</controlfield>
  <controlfield tag="008">230522c19969999cu qr p  o    0    0spa d</controlfield>
  <datafield tag="022" ind1=" " ind2=" ">
   <subfield code="a">0864-0394</subfield>
  </datafield>
  <datafield tag="035" ind1=" " ind2=" ">
   <subfield code="a">(OCoLC)1385418208</subfield>
  </datafield>
  <datafield tag="040" ind1=" " ind2=" ">
   <subfield code="a">FINmELB</subfield>
   <subfield code="b">spa</subfield>
   <subfield code="e">rda</subfield>
   <subfield code="c">FINmELB</subfield>
  </datafield>
  <datafield tag="050" ind1=" " ind2="4">
   <subfield code="a">SB199</subfield>
   <subfield code="b">.H476 1996</subfield>
  </datafield>
  <datafield tag="080" ind1=" " ind2=" ">
   <subfield code="a">636.085</subfield>
  </datafield>
  <datafield tag="082" ind1="0" ind2="4">
   <subfield code="a">633.202</subfield>
   <subfield code="2">23</subfield>
  </datafield>
  <datafield tag="100" ind1="1" ind2=" ">
   <subfield code="a">Hernández, Marta,</subfield>
   <subfield code="e">autor.</subfield>
  </datafield>
  <datafield tag="245" ind1="1" ind2="0">
   <subfield code="a">Efecto de un manejo rotacional flexible en la fertilidad del suelo /</subfield>
   <subfield code="c">Marta Hernández, Milagros Milera.</subfield>
  </datafield>
  <datafield tag="264" ind1=" " ind2="1">
   <subfield code="a">Matanzas :</subfield>
   <subfield code="b">Estación Experimental de Pastos y Forrajes Indio Hatuey,</subfield>
   <subfield code="c">1996.</subfield>
  </datafield>
  <datafield tag="310" ind1=" " ind2=" ">
   <subfield code="a">Trimestral</subfield>
  </datafield>
  <datafield tag="336" ind1=" " ind2=" ">
   <subfield code="a">texto</subfield>
   <subfield code="b">txt</subfield>
   <subfield code="2">rdacontent/spa</subfield>
  </datafield>
  <datafield tag="337" ind1=" " ind2=" ">
   <subfield code="a">computadora</subfield>
   <subfield code="b">c</subfield>
   <subfield code="2">rdamedia/spa</subfield>
  </datafield>
  <datafield tag="338" ind1=" " ind2=" ">
   <subfield code="a">recurso en línea</subfield>
   <subfield code="b">cr</subfield>
   <subfield code="2">rdacarrier/spa</subfield>
  </datafield>
  <datafield tag="520" ind1=" " ind2=" ">
   <subfield code="a">En un pastoreo dividido en 98 cuartones de 900 m(2) cada uno, se estudió el reciclaje de nutrientes vía excreta durante 3 años. Los pastos estudiados fueron Andropogon gayanus CIAT-621 (A), Panicum maximum cv. Likoni (B) y Cenchrus ciliaris cv. Formidable (C), los cuales fueron sometidos a un manejo rotacional flexible (175-240 UGM/ha) sin riego ni fertilización. La fertilidad del suelo no se afectó por el sistema de pastoreo empleado y los valores de los principales indicadores se mantuvieron en rangos aceptables. El número de hostas fue mayor en el segundo año con respecto al primero (24 655 vs 11 258,5; 20 860,7 vs 19 998.6; 23 408,6 vs 16 803,9 para A, B y C respectivamente), debido a que los, pastos se rotaron un mayor número de veces. Las cantidades recicladas de N, P y K (total de los 3 años) fueron: 216,49 y 115 kg/ha para A; 240,47 y 138 kg/ha para B y 174, 34 y 90 kg/ha para C, respectivamente. Se concluye que el manejo del pasto no produjo disminución en la fertilidad del suelo y las cantidades de nutrientes reciclados estuvieron en correspondencia con las condiciones en que se desarrolló el trabajo.</subfield>
  </datafield>
  <datafield tag="588" ind1=" " ind2=" ">
   <subfield code="a">Descripción basada en Pastos y forrajes, vol. 19, n. 1 (1996), P. [5 sin numerar].</subfield>
  </datafield>
  <datafield tag="588" ind1=" " ind2=" ">
   <subfield code="a">Descripción basada en metadatos suministrados por el editor y otras fuentes.</subfield>
  </datafield>
  <datafield tag="590" ind1=" " ind2=" ">
   <subfield code="a">Recurso electrónico. Santa Fe, Arg.: elibro, 2023. Disponible vía World Wide Web. El acceso puede estar limitado para las bibliotecas afiliadas a elibro.</subfield>
  </datafield>
  <datafield tag="650" ind1=" " ind2="4">
   <subfield code="a">Andropogon gayanus.</subfield>
  </datafield>
  <datafield tag="650" ind1=" " ind2="4">
   <subfield code="a">Carga ganadera.</subfield>
  </datafield>
  <datafield tag="650" ind1=" " ind2="4">
   <subfield code="a">Cenchrus ciliaris.</subfield>
  </datafield>
  <datafield tag="650" ind1=" " ind2="4">
   <subfield code="a">Composición química.</subfield>
  </datafield>
  <datafield tag="650" ind1=" " ind2="4">
   <subfield code="a">Disponibilidad de nutrientes.</subfield>
  </datafield>
  <datafield tag="650" ind1=" " ind2="4">
   <subfield code="a">Fertilidad del suelo.</subfield>
  </datafield>
  <datafield tag="650" ind1=" " ind2="4">
   <subfield code="a">Panicum maximum.</subfield>
  </datafield>
  <datafield tag="650" ind1=" " ind2="4">
   <subfield code="a">Pastoreo.</subfield>
  </datafield>
  <datafield tag="655" ind1=" " ind2="4">
   <subfield code="a">Artículos.</subfield>
  </datafield>
  <datafield tag="700" ind1="1" ind2=" ">
   <subfield code="a">Milera, Milagros,</subfield>
   <subfield code="e">autor.</subfield>
  </datafield>
  <datafield tag="773" ind1="1" ind2=" ">
   <subfield code="t">Pastos y forrajes.</subfield>
   <subfield code="x">ISSN0864-0394</subfield>
   <subfield code="d">Matanzas : Estación Experimental de Pastos y Forrajes Indio Hatuey.</subfield>
   <subfield code="g">vol. 19, n. 1 (1996), p. [5 sin numerar]</subfield>
  </datafield>
  <datafield tag="797" ind1="2" ind2=" ">
   <subfield code="a">elibro, Corp.</subfield>
  </datafield>
  <datafield tag="856" ind1="4" ind2="0">
   <subfield code="u">https://elibro.net/ereader/unsbiblio/12970</subfield>
  </datafield>
 </record>
</collection>
